| 000 | 00910nam a2200229Ii 4500 | ||
|---|---|---|---|
| 003 | JO-AjNU | ||
| 008 | 230605s9999||||xx |||||||||||||| ||und|| | ||
| 017 | _a2020/12/5333 | ||
| 020 | _a978-9957-8736-6-0 | ||
| 040 |
_aJO-AjNU _bara _erda _cJO-AjNU |
||
| 041 | _aara | ||
| 050 | 1 | 4 | _aPJ6011.M34 2021 |
| 100 | 3 |
_aمجمع الغة العربية الأردني, _eauthor _961362 |
|
| 245 | 0 | 0 | _aالمؤتمر السنوي لعام 2020 لمجمع اللغه العربية الأردني : قضايا النحو العربي بين الثوابت وضرورات التجديد |
| 250 | _aط1 | ||
| 264 | 3 | 1 | _aعمان: مجمع اللغه العربية الاردني، 2021 |
| 300 | _a193ص | ||
| 336 |
_atext _btxt _2rdacontent |
||
| 337 |
_aunmediated _bn _2rdamedia |
||
| 338 |
_avolume _bnc _2rdacarrier |
||
| 650 | 4 |
_aالنحو- علم الصرف- قواعد اللغة -الاردن-2020 _961363 |
|
| 999 |
_aA27733 _c31301 _d31301 |
||